Statistics for Manchester Airport Destinations (Manchester, UK)

Click here to take the quiz!

General Stats

  • This quiz has been taken 98 times
  • The average score is 112 of 186

Answer Stats

AirlineDestination% Correct
easyJet/KLMAmsterdam
96%
easyJet/RyanairBerlin
96%
Aer Lingus/RyanairDublin
96%
easyJet/RyanairMilan (Malpensa)
96%
Air France/easyJetParis (Charles de Gaulle)
96%
easyJetParis (Orly)
96%
easyJet/Jet2.com/RyanairRome (Fiumicino)
96%
Aegean Airlines/Jet2.comAthens
95%
easyJet/Jet2.com/Ryanair/VuelingBarcelona
95%
Iberia Express/RyanairMadrid
95%
easyJet/LufthansaMunich
93%
Etihad AirwaysAbu Dhabi
91%
Brussels AirlinesBrussels
91%
FinnairHelsinki
91%
easyJet/Jet2.com/Ryanair/TUI AirwaysNaples
91%
Aer Lingus/Virgin AtlanticNew York (JFK)
91%
Norwegian Air Shuttle/Scandinavian AirlinesOslo
91%
Norwegian Air Shuttle/Scandinavian AirlinesStockholm (Arlanda)
91%
EmiratesDubai (International)
89%
Lufthansa/TUI AirwaysFrankfurt
89%
easyJet/Turkish AirlinesIstanbul
89%
Pegasus AirlinesIstanbul (Sabiha Gokcen)
89%
easyJet/Ryanair/TAP Air PortugalLisbon
89%
Austrian Airlines/Jet2.com/RyanairVienna
89%
RyanairWarsaw (Modlin)
89%
Swiss International Air LinesZurich
89%
Jet2.com/Ryanair/TUI AirwaysBudapest
88%
easyJet/Norwegian Air Shuttle/Ryanair/Scandinavian AirlinesCopenhagen
88%
British AirwaysLondon (Heathrow)
88%
RyanairMarseille
88%
easyJet/RyanairPorto
88%
easyJet/Jet2.com/RyanairVenice
88%
Ethiopian AirlinesAddis Ababa
86%
RyanairBucharest
86%
RyanairCork
86%
easyJet/Jet2.com/Ryanair/TUI AirwaysIbiza
86%
easyJet/Jet2.com/RyanairKrakow
86%
easyJet/Jet2.comNice
86%
easyJet/Jet2.com/Ryanair/TUI AirwaysPalma de Mallorca
86%
Corendon Airlines/easyJet/Freebird Airlines/Jet2.com/Pegasus Airlines/SunExpress/TUI AirwaysAntalya
84%
Aer Lingus/easyJetBelfast (City)
84%
easyJet/RyanairBelfast (International)
84%
Qatar AirwaysDoha
84%
EurowingsDusseldorf
84%
easyJetHamburg
84%
Singapore Airlines/TUI AirwaysSingapore
84%
Air Canada/Air TranssatToronto (Pearson)
84%
RyanairZagreb
84%
easyJet/Jet2.com/Ryanair/TUI AirwaysFaro
82%
easyJet/Ethiopian Airlines/Jet2.com/TUI AirwaysGeneva
82%
easyJet/Jet2.comLyon
82%
easyJet/Jet2.com/Ryanair/TUI AirwaysTenerife (South)
82%
LoganairAberdeen
81%
RyanairSeville
81%
easyJet/Jet2.com/Ryanair/TUI AirwaysTurin
81%
easyJet/Jet2.com/RyanairTUI AirwaysAlicante
79%
easyJet/Jet2.com/TUI AirwaysHeraklion
79%
Kuwait AirwaysKuwait City
79%
easyJet/Jet2.com/RyanairPrague
79%
Hainan AirlinesBeijing (Capital)
77%
easyJet/Jet2.com/Ryanair/TUI AirwaysGran Canaria
77%
easyJet/LoganairIsle of Man
77%
SaudiaJeddah
77%
easyJet/Jet2.com/Ryanair/TUI AirwaysMalaga
77%
easyJet/Icelandair/Jet2.com/TUI AirwaysReykjavik
77%
RyanairRiga
77%
easyJetTel Aviv
77%
easyJet/RyanairBordeaux
75%
Jet2.com/RyanairCologne/Bonn
75%
easyJet/Jet2.com/Ryanair/TUI AirwaysCorfu
74%
Cathay PacificHong Kong
74%
easyJet/Jet2.com/TUI AirwaysThessaloniki
74%
easyJetBasel/Mulhouse
72%
Jet2.com/Norwegian Air Shuttle/Scandinavian AirlinesBergen
72%
easyJetBilbao
72%
Jet2.com/SunExpress/TUI AirwaysIzmir
72%
easyJet/Jet2.com/RyanairMalta
72%
TUI AirwaysSal
72%
RyanairValencia
72%
TUI AirwaysMelbourne/Orlando
70%
RyanairNantes
70%
easyJet/Jet2.com/TUI AirwaysSplit
70%
easyJet/Jet2.comCatania
68%
easyJet/Jet2.com/TUI AirwaysDubrovnik
68%
RyanairGothenburg
68%
LoganairInverness
68%
easyJet/Jet2.com/Ryanair/TUI AirwaysLanzarote
68%
easyJet/Jet2.com/Ryanair/TUI AirwaysRhodes
68%
BH Air/easyJet/TUI AirwaysSofia
68%
RyanairBratislava
67%
TUI AirwaysCancun
67%
easyJet/Jet2.com/TUI AirwaysInnsbruck
67%
easyJetJersey
67%
easyJet/Ryanair/TUI AirwaysMarrakesh
67%
Aer Lingus/Virgin AtlanticOrlando
67%
Gulf AirBahrain
65%
easyJet/Jet2.com/Ryanair/TUI AirwaysFunchal
65%
RyanairShannon
65%
TUI AirwaysToulouse
65%
RyanairGdansk
63%
Jet2.com/Ryanair/TUI AirwaysSalzburg
63%
easyJet/Ryanair/TUI AirwaysAgadir
61%
easyJet/Jet2.com/TUI AirwaysKos
61%
Jet2.com/TUI AirwaysLarnaca
61%
Virgin AtlanticAtlanta
60%
RyanairBologna
60%
AurignyGuernsey
60%
easyJet/Jet2.com/Ryanair/TUI AirwaysPaphos
60%
easyJet/Jet2.com/TUI AirwaysSantorini
60%
RyanairGenoa
58%
easyJet/Jet2.com/Ryanair/TUI AirwaysMenorca
58%
RyanairWroclaw
58%
easyJet/Jet2.com/Ryanair/TUI AirwaysChania
56%
British Airways/RyanairBillund
54%
RyanairEindhoven
54%
easyJet/Jet2.com/Ryanair/TUI AirwaysFuerteventura
54%
easyJet/Jet2.comMykonos
54%
Jet2.com/TUI AirwaysBodrum
53%
Corendon Airlines/easyJet/Jet2.com/Pegasus Airlines/SunExpress/TUI AirwaysDalaman
53%
easyJet/TUI AirwaysHurghada
53%
easyJet/Jet2.com/RyanairPisa
53%
RyanairPoznan
53%
Jet2.com/Ryanair/TUI AirwaysVerona
53%
easyJet/Jet2.com/TUI AirwaysZakynthos
53%
BH Air/easyJet/Jet2.com/TUI AirwaysBurgas
51%
Singapore AirlinesHouston (Intercontinental)
51%
easyJetGibraltar
49%
RyanairKatowice
47%
TUI AirwaysPunta Cana
47%
Aer Lingus/TUI Airways/Virgin AtlanticBarbados
46%
TUI AirwaysMontego Bay
46%
TUI AirwaysPula
46%
Jet2.com/TUI AirwaysOlbia
44%
RyanairZadar
44%
Jet2.comKalamata
42%
easyJet/Jet2.com/TUI AirwaysKefalonia
42%
RyanairPodgorica
42%
easyJet/TUI AirwaysSharm El Sheikh
40%
RyanairDerry
39%
Norwegian Air ShuttleStavanger
39%
Jet2.com/Ryanair/TUI AirwaysAlmeria
37%
Jet2.com/Ryanair/TUI AirwaysGirona
37%
TUI AirwaysLa Palma
37%
RyanairBergamo
35%
RyanairCharleroi
35%
easyJet/RyanairMurcia
35%
easyJet/LoganairNewquay
35%
TUI AirwaysPhuket
33%
Eastern AirwaysSouthampton
33%
easyJet/Jet2.comTivat
33%
TUI AirwaysBoa Vista
32%
TUI AirwaysColombo
32%
Jet2.com/RyanairGrenoble
32%
Jet2.com/TUI AirwaysSkiathos
32%
RyanairBrindisi
28%
easyJet/Jet2.com/TUI AirwaysPreveza/Lefkada
28%
RyanairSantander
28%
Jet2.com/Ryanair/TUI AirwaysReus
26%
easyJetRovaniemi
26%
TUI AirwaysKittila
25%
RyanairKnock
25%
easyJet/TUI AirwaysEnfidha
23%
TUI AirwaysLamezia Terme
23%
TUI AirwaysPuerto Vallarta
23%
TUI AirwaysVaradero
23%
Biman Bangladesh AirlinesSylhet
21%
TUI AirwaysGoa (Dabolim)
19%
TUI AirwaysKavala
19%
RyanairKerry
19%
RyanairCarcassonne
18%
RyanairRzeszow
18%
TUI AirwaysBanjul
16%
Jet2.comMytilene
16%
TUI AirwaysOhrid
16%
Jet2.com/TUI AirwaysChambery
14%
RyanairLimoges
12%
RyanairTrapani
12%
TUI AirwaysKuusamo
11%
easyJetLa Rochelle
11%
Jet2.comBergerac
9%
RyanairSandefjord
9%
RyanairBeziers
7%
RyanairKlagenfurt
7%
RyanairBeauvias
5%
TUI AirwaysPorto Santo
5%
Norwegian Air ShuttleTrondhaim
2%

Score Distribution

Percentile by Number Answered

Percent of People with Each Score

Your Score History

You have not taken this quiz